000 01068nam a2200241Ia 4500
003 OSt
005 20220923220858.0
006 a|||||r|||| 00| 0
007 ta
008 220922b |||||||| |||| 00| 0 hin d
024 _a191,808
037 _cTextual
040 _aARTS
_cARTS
_bhin
041 _2hin
_ahin
082 _aV2.K, 152L6,N6-;1
100 _aमोरलैंड, डब्ल्यू0 एच0
_9164757
245 0 _aअकबर की मृत्यु के समय का भारत* भारत के आर्थिक इतिहास का अध्ययन, अनु सुधकिरण सिन्हा
246 _aAkabar kī mṛutyu ke samaya kā bhārata: bhārat ke ārthik itihās kā adhyayana, anu0 sudhakiraṇ sinhā
260 _aनई दिल्ली
_b ग्रंथ शिल्पी प्रकाशन
_c1996
300 _a306पृ.
_ccm.
942 _hV2.K, 152L6,N6-;1
_cTEXL
_2CC
999 _c344464
_d344464